Secret Alphabet Countries - Statistics

General Stats
  • This quiz has been taken 133 times
  • The average score is 12 of 16
Answer Stats
Hint Answer % Correct
#♫@!, Italy
87%
Δ>@£+@ Rwanda
87%
=.☺.”. Kosovo
82%
♫@£∞@£#@ Tanzania
81%
[Δ.@♫#@ Croatia
80%
&#~# Fiji
80%
/@=#☺♫@£ Pakistan
78%
~.Δ+@£ Jordan
77%
§£#♫*+ =#£$+.- United Kingdom
77%
[^#!* Chile
76%
£*> ∞*@!@£+ New Zealand
76%
=,Δ$,∞☺♫@£ Kyrgyzstan
75%
-.∞@-?#€§* Mozambique
73%
/^#!#//#£*☺ Philippines
73%
§Δ§$§@, Uruguay
70%
?§!$@Δ#@ Bulgaria
65%
No matching quizzes found
Score Distribution
Percent of People with Each Score
Percentile by Number Answered
Your Score History
You have not taken this quiz